000 00349 a2200133 4500
000 nam a22 7a 4500
100 _aHartley, Lyra
110 _aHartley, Lyra
245 _aCriminology - A Complete Introduction
250 _aLatest edition
260 _bbrilliance publishing
_c2025
264 _bbrilliance publishing
_c2025
942 _cBK
999 _c394408
_d394408